[Event "Challenge"]
[Site "http://www.queenalice.com/game.php?id=748617"]
[Date "2010.3.19"]
[Round "-"]
[White "Xmen"]
[Black "Fernando_cun"]
[Result "0-1"]
[WhiteElo "1625"]
[BlackElo "1709"]

1. e4 e5 2. Nf3 d6 3. d4 Bg4 4. Bg5 Bxf3 5. Qxf3 Qxg5 6. Bc4 Nh6 7. Nd2 exd4 8.
e5 Qxe5+ 9. Qe4 Qxe4+ 10. Nxe4 Nc6 11. Bb5 a6 12. Ba4 b5 13. Bb3 Nb4 14. O-O-O
a5 15. Rhe1 Be7 16. Re2 a4 17. a3 axb3 18. axb4 Ra1+ 19. Kd2 Rxd1+ 20. Kxd1
bxc2+ 21. Kxc2 Ng4 22. h3 Ne3+ 23. fxe3 dxe3 24. Rxe3 O-O 25. Nc3 Bg5 26. Rg3 h6
27. Nxb5 d5 28. Nxc7 Bf4 29. Rd3 Bxc7 30. Rxd5 Re8 31. Rd2 Re4 32. Kc3 Be5+ 33.
Kb3 Re3+ 34. Ka4 g5 35. b3 Kg7 36. b5 Re4+ 37. b4 Bc3 38. Rd5 Bxb4 39. Kb3 Be1
40. b6 Rb4+ 41. Ka3 Rxb6 42. Rf5 Kg6 43. Rd5 f5 44. g4 f4 45. Rd8 Bc3 46. Rg8+
Bg7 47. Ka4 f3 48. Rc8 Rb1 49. Rc6+ Bf6 50. Ka3 f2 51. h4 f1=Q 52. h5+ Kf7 53.
Rc7+ Be7+ 0-1

[Event "Challenge"]
[Site "http://www.queenalice.com/game.php?id=750912"]
[Date "2010.3.24"]
[Round "-"]
[White "Satan"]
[Black "Fernando_cun"]
[Result "0-1"]
[WhiteElo "1500"]
[BlackElo "1736"]

1. e4 e5 2. Bc4 Qf6 3. Nf3 Qg6 4. O-O d6 5. Nc3 Bh3 6. Nh4 Be7 7. Nxg6 Bxg2 8.
Kxg2 hxg6 9. Nd5 Bd8 10. Qf3 Nf6 11. d3 Nc6 12. c3 a6 13. Bg5 Na5 14. Nxf6+ gxf6
0-1

[Event "Challenge"]
[Site "http://www.queenalice.com/game.php?id=750918"]
[Date "2010.3.24"]
[Round "-"]
[White "seveneleven92"]
[Black "Fernando_cun"]
[Result "1-0"]
[WhiteElo "1854"]
[BlackElo "1741"]

1. d4 c6 2. c4 d5 3. Nf3 dxc4 4. g3 g6 5. Bg2 Bh6 6. Ne5 Bxc1 7. Qxc1 Qxd4 8.
Nxc4 Bf5 9. Qc3 Qxc3+ 10. Nxc3 Nf6 11. O-O O-O 12. Rad1 Na6 13. e4 Be6 14. Ne3
Rad8 15. e5 Ng4 16. Nxg4 Bxg4 17. f3 Rxd1 18. Rxd1 Nb4 19. fxg4 e6 20. Rd2 b5
21. a3 Nd5 22. Nxd5 cxd5 23. Rc2 Rb8 24. Rc7 a5 25. b4 axb4 26. axb4 Kg7 27. g5
d4 28. Rd7 d3 29. Rxd3 Rc8 30. Rd7 Rc4 31. Bf1 Rxb4 32. Rb7 Rg4 33. Bxb5 Rxg5
34. Be8 Rf5 35. Kg2 Kf8 36. Bc6 Rxe5 37. Kf3 Rh5 38. h4 Kg7 39. Ke4 Kf6 40. Be8
Re5+ 41. Kf4 g5+ 42. hxg5+ Rxg5 43. Rxf7+ Kg6 44. Rf5+ 1-0

[Event "Challenge"]
[Site "http://www.queenalice.com/game.php?id=750921"]
[Date "2010.3.24"]
[Round "-"]
[White "massimo"]
[Black "Fernando_cun"]
[Result "0-1"]
[WhiteElo "1757"]
[BlackElo "1722"]

1. e4 e5 2. Nf3 d6 3. d3 Bg4 4. h3 Bxf3 5. Qxf3 h6 6. Nc3 Qf6 7. Qxf6 Nxf6 8.
Be2 c6 9. O-O d5 10. f4 exf4 11. Bxf4 Bc5+ 12. Kh1 dxe4 13. Nxe4 Nxe4 14. dxe4
Bd4 15. c3 Bf6 16. e5 Bg5 17. Bg3 Nd7 18. Bh5 O-O 19. Rf3 g6 20. e6 fxe6 21.
Bxg6 Rxf3 0-1

[Event "Challenge"]
[Site "http://www.queenalice.com/game.php?id=763966"]
[Date "2010.4.21"]
[Round "-"]
[White "specktro"]
[Black "Fernando_cun"]
[Result "1-0"]
[WhiteElo "1739"]
[BlackElo "1753"]

1. e4 e5 2. Nf3 d6 3. g3 a6 4. Nc3 Bg4 5. Bg2 Qd7 6. h3 Bh5 7. O-O Bxf3 8. Qxf3
Nf6 9. d3 h6 10. a4 a5 11. Qe3 c5 12. Nd5 Nxd5 13. exd5 Be7 14. c3 Bg5 15. Qe4
Bxc1 16. Raxc1 O-O 17. Rce1 f5 18. Qc4 f4 19. g4 Na6 20. d4 cxd4 21. cxd4 Rac8
22. Qd3 Nb4 23. Qg6 exd4 24. Be4 Rce8 25. Qh7+ Kf7 26. Bg6+ Kf6 27. Bxe8 Rxe8
28. Rxe8 Qxe8 29. Qf5+ Ke7 30. Re1+ Kd8 31. Rxe8+ Kxe8 32. Qxf4 Nxd5 33. Qe4+
Ne7 34. Qxb7 Kf7 35. Qa6 Ng6 36. Qxa5 Nh4 37. Qc7+ Ke6 38. a5 Nf3+ 39. Kg2 Ne1+
40. Kf1 Nf3 41. a6 1-0

[Event "Challenge"]
[Site "http://www.queenalice.com/game.php?id=763968"]
[Date "2010.4.21"]
[Round "-"]
[White "Chezzdevil"]
[Black "Fernando_cun"]
[Result "1-0"]
[WhiteElo "2011"]
[BlackElo "1759"]

1. d4 d5 2. c4 dxc4 3. Nc3 e6 4. e4 Bb4 5. Bxc4 Nf6 6. f3 Nc6 7. Ne2 Bxc3+ 8.
bxc3 h6 9. Ba3 Ne7 10. O-O Bd7 11. Rb1 b6 12. Bd3 O-O 13. Qc2 Re8 14. c4 a5 15.
e5 Nh5 16. g4 c5 17. gxh5 Nf5 18. Bxf5 exf5 19. f4 cxd4 20. Bd6 Qh4 21. Ng3 Rac8
22. Nxf5 Qg4+ 23. Ng3 Be6 24. Qd1 Qxd1 25. Rfxd1 Rxc4 26. Rxb6 Ra4 27. a3 Bc4
28. Rxd4 Rc8 29. Nf5 Kh7 30. Ne7 Ra8 31. f5 Bb3 32. Rxa4 Bxa4 33. Bb8 Bd1 34.
Nc6 Bxh5 35. Kf2 Bg4 36. f6 gxf6 37. exf6 Bd7 38. Na7 Be6 39. Nb5 Kg6 40. Nc7
Rxb8 41. Rxb8 a4 42. Nxe6 fxe6 43. Rf8 h5 44. h4 Kh6 45. Kf3 1-0

[Event "Challenge"]
[Site "http://www.queenalice.com/game.php?id=763970"]
[Date "2010.4.21"]
[Round "-"]
[White "dano"]
[Black "Fernando_cun"]
[Result "1-0"]
[WhiteElo "1734"]
[BlackElo "1736"]

1. b3 b6 2. Nf3 d5 3. e3 Ba6 4. Be2 Bxe2 5. Qxe2 a5 6. Nc3 c6 7. d4 e6 8. a4 Bb4
9. Bd2 Nf6 10. O-O Bxc3 11. Bxc3 Ne4 12. Bb2 O-O 13. c4 Qd6 14. Rad1 dxc4 15.
bxc4 f6 16. Qd3 f5 17. Ne5 Na6 18. Qe2 Rad8 19. c5 bxc5 20. Qxa6 Rb8 21. Qe2 Rb4
22. dxc5 Qxc5 23. Nd7 Qe7 24. Nxf8 Qxf8 25. Be5 Rxa4 26. Rd7 Nf6 27. Ra7 Re4 28.
Rxa5 Nd5 29. Bd4 e5 30. f3 exd4 31. fxe4 Nxe3 32. Qa2+ Nd5 33. Ra8 fxe4 34.
Rfxf8# 1-0

[Event "Challenge"]
[Site "http://www.queenalice.com/game.php?id=763975"]
[Date "2010.4.21"]
[Round "-"]
[White "Idefix"]
[Black "Fernando_cun"]
[Result "1-0"]
[WhiteElo "1874"]
[BlackElo "1736"]

1. e4 e5 2. Nf3 d6 3. d4 f6 4. dxe5 Be7 5. Bc4 dxe5 6. O-O Qxd1 7. Rxd1 Bg4 8.
Rd3 Bxf3 9. Rxf3 Nd7 10. Rd3 O-O-O 11. Be6 h6 12. Be3 h5 13. Nc3 b6 14. Rad1 Bd6
15. Nb5 Kb7 16. Nxd6+ cxd6 17. Rxd6 Nh6 18. Rxd7+ Rxd7 19. Rxd7+ Ka6 20. Bxh6
gxh6 21. Bc4+ b5 22. Rd6+ Ka5 23. Be2 Rf8 24. a3 h4 25. b4+ 1-0

[Event "Challenge"]
[Site "http://www.queenalice.com/game.php?id=763977"]
[Date "2010.4.21"]
[Round "-"]
[White "iraz"]
[Black "Fernando_cun"]
[Result "1-0"]
[WhiteElo "1703"]
[BlackElo "1742"]

1. e4 e5 2. Nf3 Bd6 3. Bc4 h6 4. d3 Bc5 5. Nxe5 Qf6 6. Bxf7+ Ke7 7. Ng6+ Kd6 8.
Bf4+ Kc6 9. Bd5+ Kb6 10. Nxh8 Qxf4 11. O-O Bd6 12. g3 Qg5 13. c3 Bc5 14. Qb3+
Ka6 15. Bc4+ b5 16. Qxb5# 1-0

[Event "Challenge"]
[Site "http://www.queenalice.com/game.php?id=783977"]
[Date "2010.6.1"]
[Round "-"]
[White "ReiNato"]
[Black "Fernando_cun"]
[Result "1-0"]
[WhiteElo "1762"]
[BlackElo "1735"]

1. e4 e5 2. Nf3 d6 3. Bc4 h6 4. d4 Bg4 5. h3 Bxf3 6. Qxf3 Qf6 7. Qb3 exd4 8.
Qb5+ Nd7 9. Qxb7 Qd8 10. Bb5 Nf6 11. Bxd7+ Nxd7 12. O-O Nc5 13. Qc6+ Nd7 14. f4
Be7 15. Bd2 O-O 16. c3 d3 17. Rf3 Nf6 18. Rxd3 Rb8 19. b4 Rb6 20. Qa4 Nxe4 21.
Be3 Rb7 22. Qc6 Qc8 23. Qxe4 c5 24. a3 cxb4 25. cxb4 Re8 26. Rc3 Rc7 27. Rxc7
Qxc7 28. Nd2 Qc8 29. Qc4 Bf6 30. Qxc8 Rxc8 31. Ra2 Rc1+ 32. Kf2 Bh4+ 33. g3 Bf6
34. Ne4 Rd1 35. Nxf6+ gxf6 36. Bxa7 d5 37. h4 Rh1 38. Kg2 Rd1 39. a4 d4 40. a5
d3 41. Be3 f5 42. a6 Rb1 43. a7 Rxb4 44. a8=Q+ Kg7 45. Bd4+ Rxd4 46. Rd2 Rd7 47.
Qa1+ f6 48. Kf3 1-0

[Event "Challenge"]
[Site "http://www.queenalice.com/game.php?id=783979"]
[Date "2010.6.1"]
[Round "-"]
[White "Himotross"]
[Black "Fernando_cun"]
[Result "1-0"]
[WhiteElo "1940"]
[BlackElo "1743"]

1. d4 d5 2. Nc3 e6 3. g3 Bb4 4. Bd2 Nc6 5. Nf3 h6 6. Bg2 Bd7 7. a3 Bxc3 8. Bxc3
Qf6 9. O-O O-O-O 10. Re1 g5 11. e4 g4 12. exd5 exd5 13. Ne5 Nxe5 14. dxe5 Qf5
15. e6 Rh7 16. exd7+ Rxd7 17. Re5 Qf6 18. Re8+ Rd8 19. Bxf6 Nxf6 20. Rxd8+ Kxd8
21. Bxd5 c6 22. Be4+ Kc7 23. Bxh7 Nxh7 24. Qxg4 1-0

[Event "Challenge"]
[Site "http://www.queenalice.com/game.php?id=833634"]
[Date "2010.9.16"]
[Round "-"]
[White "drglaucoprado"]
[Black "Fernando_cun"]
[Result "0-1"]
[WhiteElo "1658"]
[BlackElo "1733"]

1. e4 e5 2. Nf3 Nc6 3. b3 Nf6 4. Bb2 Bd6 5. d3 Bc5 6. Nxe5 Nxe5 7. Bxe5 d6 8.
Bxf6 Qxf6 9. Qf3 Qxa1 10. Qd1 Qxa2 11. Nc3 Qb2 12. Na4 Qd4 13. Qf3 Qa1+ 14. Qd1
Qd4 15. Nxc5 dxc5 16. Be2 Qc3+ 17. Qd2 Qxd2+ 18. Kxd2 a5 19. h3 a4 20. bxa4 Rxa4
21. Bf3 c4 22. d4 O-O 23. Kc3 Ra2 24. e5 Bf5 25. Kxc4 Rxc2+ 26. Kb3 Rb8 27. g4
Rxf2 28. Bd5 Be6 29. Bxe6 fxe6 30. Kc4 b5+ 31. Kc5 b4 32. d5 Rc2+ 33. Kd4 Rd2+
34. Kc4 exd5+ 35. Kb3 c5 36. e6 c4+ 37. Ka4 Ra2# 0-1

[Event "Challenge"]
[Site "http://www.queenalice.com/game.php?id=835307"]
[Date "2010.9.20"]
[Round "-"]
[White "Leofelix"]
[Black "Fernando_cun"]
[Result "1-0"]
[WhiteElo "1793"]
[BlackElo "1716"]

1. e4 e5 2. Nf3 d6 3. Bc4 Be6 4. Bxe6 fxe6 5. d4 exd4 6. Bg5 Nf6 7. e5 dxe5 8.
Nxe5 Bc5 9. Bxf6 Qxf6 10. Nd3 Bb6 11. O-O Nc6 12. Qg4 O-O-O 13. Re1 Rde8 14. Na3
h5 15. Qf4 Qxf4 16. Nxf4 e5 17. Ng6 Rh6 18. Nh4 Ba5 19. Re2 g5 20. Nf5 Rg6 21.
Nc4 g4 22. Nxa5 Nxa5 23. Rae1 b6 24. Rxe5 Rxe5 25. Rxe5 Nc4 26. Ne7+ Kb7 27.
Nxg6 Nxe5 28. Nxe5 c5 29. f4 gxf3 30. Nxf3 Kc6 31. h3 Kb5 32. Ne5 c4 33. g4 hxg4
34. hxg4 c3 35. bxc3 dxc3 36. g5 Kb4 37. g6 Ka3 38. g7 Kb2 39. g8=Q Kxc2 40.
Qh7+ Kb2 41. Qxa7 1-0

[Event "Challenge"]
[Site "http://www.queenalice.com/game.php?id=837955"]
[Date "2010.9.25"]
[Round "-"]
[White "rdaigle2003"]
[Black "Fernando_cun"]
[Result "1-0"]
[WhiteElo "1788"]
[BlackElo "1744"]

1. e4 d5 2. exd5 Qxd5 3. Nc3 Qe5+ 4. Qe2 Qxe2+ 5. Bxe2 e6 6. d4 Bb4 7. Bd2 Nc6
8. a3 Nxd4 9. Bd3 Nf6 10. axb4 O-O 11. Nb5 Nxb5 12. Bxb5 Bd7 13. Bxd7 Nxd7 14.
Nf3 Nb6 15. O-O Nc4 16. Bc3 b6 17. Ne5 Nxe5 18. Bxe5 c5 19. bxc5 bxc5 20. Bd6
Rfd8 21. Bxc5 Rd2 22. Rxa7 Rxa7 23. Bxa7 Rxc2 24. Rd1 g6 25. Rb1 h5 26. b4 Rc7
27. Be3 f5 28. g3 Rb7 29. b5 Kf7 30. Kf1 Kf6 31. Ke2 g5 32. Kd3 g4 33. Kc4 Ke5
34. Bd4+ Ke4 35. Kc5 e5 36. Kc6 Rh7 37. Bc5 Rh6+ 38. Bd6 Kf3 39. Rb2 Kg2 40. b6
Rh7 41. b7 Rxb7 42. Rxb7 Kxf2 43. Bxe5 Kg2 44. Rh7 Kxh2 45. Rxh5+ Kg2 46. Rxf5
Kh3 47. Kd5 Kg2 48. Ke4 1-0

[Event "Challenge"]
[Site "http://www.queenalice.com/game.php?id=843723"]
[Date "2010.10.9"]
[Round "-"]
[White "toniteacher"]
[Black "Fernando_cun"]
[Result "1-0"]
[WhiteElo "1652"]
[BlackElo "1746"]

1. Nf3 d5 2. d4 Bg4 3. e3 e6 4. Be2 Bb4+ 5. Bd2 Bxd2+ 6. Qxd2 Nf6 7. Nc3 Ne4 8.
Nxe4 dxe4 9. Ne5 Bxe2 10. Qxe2 Nc6 11. Nxc6 bxc6 12. O-O a5 13. a4 Rb8 14. Rab1
Qd5 15. c4 Qf5 16. c5 O-O 17. Qa6 Qd5 18. Qxa5 Qa2 19. Qxc7 Qxa4 20. Qf4 f5 21.
Qd6 Rfe8 22. Ra1 Qc2 23. Qxc6 h6 24. b4 Rxb4 25. Qxe8+ Kh7 26. Qxe6 h5 27. Qxf5+
g6 28. Ra7+ Kh6 29. Qf8+ Kg5 30. Qf4# 1-0

[Event "Challenge"]
[Site "http://www.queenalice.com/game.php?id=843725"]
[Date "2010.10.9"]
[Round "-"]
[White "bubu52"]
[Black "Fernando_cun"]
[Result "0-1"]
[WhiteElo "1778"]
[BlackElo "1726"]

1. d4 d5 2. c4 e6 3. a3 c6 4. Nc3 Bd6 5. c5 Be7 6. e4 Bg5 7. f4 Bh4+ 8. g3 Bf6
9. e5 Be7 10. b4 b6 11. b5 cxb5 12. Nxb5 bxc5 13. Bd2 Ba6 14. a4 cxd4 0-1

[Event "Challenge"]
[Site "http://www.queenalice.com/game.php?id=843727"]
[Date "2010.10.9"]
[Round "-"]
[White "jdalcheco"]
[Black "Fernando_cun"]
[Result "1-0"]
[WhiteElo "1775"]
[BlackElo "1730"]

1. Nf3 Nf6 2. e3 d5 3. Be2 Bg4 4. O-O Bxf3 5. Bxf3 e6 6. b3 Nc6 7. Bb2 Bd6 8. d4
a5 9. Nc3 O-O 10. Be2 e5 11. Bd3 e4 12. Be2 Nd7 13. Nxd5 Qh4 14. g3 Qh3 15. Bg4
Qh6 16. Bxd7 Rad8 17. Bxc6 bxc6 18. Nf4 Bxf4 19. exf4 c5 20. d5 c6 21. Qe2 Rxd5
22. Rad1 Qh3 23. Qxe4 Rh5 24. Qg2 Qxg2+ 25. Kxg2 Re8 26. Rd6 Rc8 27. Rfd1 g6 28.
Rd8+ Rxd8 29. Rxd8# 1-0